01721nam a22001577a 4500003000900000005001700009008004100026040001300067100002300080245005800103250000600161260003300167300002700200490002400227520131200251IT-RoPau20220918175938.0130121b xxu||||| |||| 00| 0 eng d cIT-RoPau aPapasogli, Giorgio aIl beato Timoteo Giaccardobdella Società San Paolo aI aCinisello balsamobSSPc1989 a317 p. con fotoc20 cm aedizioni paolinevI aIndice Presentazione Nota bibliografica LA SUA VITA Capitolo I La veglia tra due secoli Capitolo II Don Alberione incontra <> Giaccardo Capitolo III Devozione mariana Capitolo IV Gli inizi della Famiglia Paolina Capitolo V Giuseppe Giaccardo entra nella Famiglia Paolina Capitolo VI Professo nella Pia Società San Paolo Capitolo VII Le <> vie di Don Alberione Capitolo VIII Brucia la tipografia Capitolo IX Sacerdote di Crsito Capitolo X Il discepolo Timoteo Capitolo XI Lotta contro se stesso Capitolo XII Sviluppo sorprendente dell'Istituto Capitolo XIII I due grandi temi sampaolini: universalismo e unificazione delle scienze Capitolo XIV La teologia del <> e le quattro <> paoline Capitolo XV La partenza per Roma Capitolo XVI Costruzione della casa di roma Capitolo XVII Superiore in Casa Madre Capitolo XVIII I gradi dell'amore Capitolo XIX Il vicario generale Capitolo XX Il miracolo per la beatificazione DAI SUOI SCRITTI Il Divino Maestro Maria Santissima, Madre, Maestra e Regina San Paolo, l'Apostolo La pietà La fede La speranza La carità La povertà La castità L'obbedienza L'umiltà, via alla gloria Piccole virtù, segreti di felicità